[Event "SSC-Rostock-Open 2013"]
[Site "Rostock"]
[Date "2013.08.02"]
[Round "4.18"]
[White "Schamber, Dennis"]
[Black "Hilbig, Dieter"]
[Result "0-1"]
[WhiteElo "1544"]
[BlackElo "2029"]
[PlyCount "78"]
[EventDate "2013.07.31"]
[EventType "swiss"]
[EventRounds "7"]
[EventCountry "GER"]
[Source "LSV Meck.-Vorp."]
[SourceDate "1999.06.01"]
[WhiteTeam "TuS Makkabi Rostock"]
[BlackTeam "ESV Gera"]

1. d4 Nf6 2. c4 e6 3. Nc3 b6 4. Bg5 Bb7 5. e3 Be7 6. Nf3 d5 7. a3 O-O 8. Bd3
dxc4 9. Bxc4 Ne4 10. Nxe4 Bxe4 11. Bxe7 Qxe7 12. Bd3 Bxd3 13. Qxd3 Nd7 14. O-O
c5 15. Rac1 Rfd8 16. Rfd1 e5 17. Qe4 f6 18. dxe5 Nxe5 19. Nxe5 Qxe5 20. Qxe5
fxe5 21. Kf1 Kf7 22. Ke2 Ke6 23. e4 Rd4 24. Rxd4 exd4 25. f4 Rc8 26. Kd3 Rf8
27. g3 g5 28. Rf1 gxf4 29. gxf4 Rg8 30. Rf2 Rg1 31. b4 Ra1 32. bxc5 bxc5 33.
Kc4 Rc1+ 34. Kb3 c4+ 35. Kb2 Re1 36. f5+ Kf6 37. Rc2 c3+ 38. Kb3 d3 39. Rxc3 d2
0-1

[Event "SSC-Rostock-Open 2013"]
[Site "Rostock"]
[Date "2013.08.02"]
[Round "4.20"]
[White "Birnbaum, Wolf Dieter"]
[Black "Ehrich, Dieter"]
[Result "1-0"]
[WhiteElo "1992"]
[BlackElo "1710"]
[PlyCount "37"]
[EventDate "2013.07.31"]
[EventType "swiss"]
[EventRounds "7"]
[EventCountry "GER"]
[Source "LSV Meck.-Vorp."]
[SourceDate "1999.06.01"]
[WhiteTeam "SF Ostsee Warnemuende"]
[BlackTeam "PSV Ribnitz-Damgarten"]

1. Nf3 Nf6 2. g3 e6 3. Bg2 d5 4. O-O Be7 5. d4 O-O 6. c4 dxc4 7. Nbd2 c5 8.
Nxc4 Nc6 9. dxc5 Qxd1 10. Rxd1 Bxc5 11. Nfe5 Nd4 12. Be3 Nxe2+ 13. Kf1 Nxg3+
14. hxg3 Bxe3 15. Nxe3 Rb8 16. Rac1 Ne8 17. Rd8 Nf6 18. Rxf8+ Kxf8 19. Rc7 1-0

[Event "SSC-Rostock-Open 2013"]
[Site "Rostock"]
[Date "2013.08.02"]
[Round "4.21"]
[White "Giese, Guido"]
[Black "Leisner, Ekkehardt"]
[Result "1-0"]
[WhiteElo "1964"]
[BlackElo "1588"]
[PlyCount "43"]
[EventDate "2013.07.31"]
[EventType "swiss"]
[EventRounds "7"]
[EventCountry "GER"]
[Source "LSV Meck.-Vorp."]
[SourceDate "1999.06.01"]
[WhiteTeam "HSG Uni Rostock"]
[BlackTeam "SV Turbine Neubrandenburg"]

1. e4 g6 2. d4 Bg7 3. Nc3 d6 4. Nf3 Nf6 5. h3 O-O 6. Be3 Re8 7. Be2 e6 8. Qd2
Nc6 9. O-O e5 10. dxe5 Nxe5 11. Nxe5 Rxe5 12. f4 Nxe4 13. Nxe4 Rxe4 14. Bd3 Re8
15. f5 Bd7 16. fxg6 hxg6 17. Bg5 Qc8 18. Rxf7 Kxf7 19. Qf4+ Kg8 20. Bxg6 Re5
21. Bf7+ Kf8 22. Be6+ 1-0

[Event "SSC-Rostock-Open 2013"]
[Site "Rostock"]
[Date "2013.08.02"]
[Round "4.22"]
[White "Jurkatis, Hagen"]
[Black "Kreuzinger, Frank"]
[Result "1-0"]
[WhiteElo "2094"]
[BlackElo "1759"]
[PlyCount "65"]
[EventDate "2013.07.31"]
[EventType "swiss"]
[EventRounds "7"]
[EventCountry "GER"]
[Source "LSV Meck.-Vorp."]
[SourceDate "1999.06.01"]
[WhiteTeam "SK Koenig Tegel 1949"]
[BlackTeam "vls./Pirna"]

1. d4 Nf6 2. Bg5 Ne4 3. Bf4 d5 4. Nd2 Nf6 5. e3 c5 6. c3 Nc6 7. Ngf3 Bg4 8. Qb3
Qc8 9. dxc5 e6 10. Qa3 a5 11. Ne5 Nxe5 12. Bxe5 Nd7 13. Bb5 Bf5 14. Qa4 Bxc5
15. g4 Bg6 16. Bxg7 Rg8 17. Bf6 Be7 18. Bxe7 Kxe7 19. Qa3+ Qc5 20. Qxc5+ Nxc5
21. Ke2 a4 22. b4 axb3 23. axb3 Bc2 24. b4 Nb3 25. Nxb3 Bxb3 26. h3 e5 27. Rhb1
Ba2 28. Rc1 Ra3 29. Kd2 Rga8 30. c4 dxc4 31. Bxc4 Rd8+ 32. Ke1 Rda8 33. Bxa2
1-0

[Event "SSC-Rostock-Open 2013"]
[Site "Rostock"]
[Date "2013.08.02"]
[Round "4.23"]
[White "Raitza, Egon"]
[Black "Bardosch, Karl"]
[Result "1/2-1/2"]
[WhiteElo "1856"]
[BlackElo "1608"]
[Annotator "Raitza,Egon"]
[PlyCount "92"]
[EventDate "2013.07.31"]
[EventType "swiss"]
[EventRounds "7"]
[EventCountry "GER"]
[Source "LSV Meck.-Vorp."]
[SourceDate "1999.06.01"]
[WhiteTeam "SSC Rostock 07"]
[BlackTeam "SSC Rostock 07"]

1. d4 d5 2. Nf3 Nf6 3. e3 c6 4. c4 e6 5. Nc3 Nbd7 6. Bd3 dxc4 7. Bxc4 a6 8. e4
Be7 9. O-O O-O 10. Qe2 Qc7 11. Bg5 Re8 12. Rac1 b5 13. Bd3 Qa5 14. e5 Nd5 15.
Qe4 Nf8 16. Nxd5 cxd5 17. Qh4 Qd8 18. Bxe7 Qxe7 19. Qxe7 Rxe7 20. Nd2 Rea7 21.
Rc2 Bd7 22. Rfc1 Rb8 23. Rc7 Rxc7 24. Rxc7 Rc8 25. Rxc8 Bxc8 26. Nb3 Nd7 27.
Kf1 Kf8 28. Ke2 h6 29. Kd1 Ke7 30. Kc2 f6 31. f4 Nb8 32. Be2 Nc6 33. a3 Bd7 34.
Kc3 Kd8 35. Nc5 Bc8 36. g3 Kc7 37. h4 Ne7 38. Bg4 f5 39. Bh5 g6 40. Be2 h5 41.
a4 Kb6 {(=)} 42. axb5 axb5 43. b4 Nc6 44. Nd3 Nd8 45. Nf2 Nf7 46. Nh3 Bd7
1/2-1/2

[Event "SSC-Rostock-Open 2013"]
[Site "Rostock"]
[Date "2013.08.02"]
[Round "4.24"]
[White "Wurst, Maximilian"]
[Black "Worm, Alfred"]
[Result "1-0"]
[WhiteElo "1441"]
[BlackElo "1844"]
[Annotator "Raitza,Egon"]
[PlyCount "109"]
[EventDate "2013.07.31"]
[EventType "swiss"]
[EventRounds "7"]
[EventCountry "GER"]
[Source "LSV Meck.-Vorp."]
[SourceDate "1999.06.01"]
[WhiteTeam "SSC Rostock 07"]
[BlackTeam "SSC Rostock 07"]

1. e4 c6 2. d4 g6 3. Nf3 d6 4. Bc4 Bg7 5. Nc3 Nf6 6. O-O b5 7. Bb3 b4 8. e5
dxe5 9. dxe5 Qxd1 10. Nxd1 Ng4 11. Bf4 e6 12. h3 Nh6 13. Ne3 Nf5 14. Nxf5 gxf5
15. Rad1 Ba6 16. Bg5 Nd7 17. Rfe1 h6 18. Bh4 Nc5 19. Rd2 Ne4 20. Rd4 Rb8 21.
Red1 O-O 22. Be7 Rfc8 23. Rxb4 Rxb4 24. Bxb4 Be2 25. Re1 Bxf3 26. gxf3 Rb8 {(=)
} 27. fxe4 Rxb4 28. exf5 exf5 29. e6 fxe6 30. Rxe6 Kh7 31. Rxc6 Rb7 32. Be6
Bxb2 33. Bxf5+ Kg8 34. Rxh6 Bg7 35. Rc6 Kf7 36. Be6+ Ke7 37. Bb3 Kf8 38. c4 Bd4
39. Kg2 Rg7+ 40. Kh2 Be5+ 41. Kh1 Rh7 42. Kg2 Rg7+ 43. Kf3 Rh7 44. Kg4 Rf7 45.
Re6 Rf4+ 46. Kg5 Re4 47. Kf5 Re2 48. Rxe5 Rxf2+ 49. Ke6 Rh2 50. Rh5 Re2+ 51.
Kd7 Rd2+ 52. Kc7 Re2 53. Rf5+ Kg7 54. Rd5 Rh2 55. Kb7 1-0

[Event "SSC-Rostock-Open 2013"]
[Site "Rostock"]
[Date "2013.08.02"]
[Round "4.26"]
[White "Langer, Moritz"]
[Black "Vladov, Mark"]
[Result "1/2-1/2"]
[WhiteElo "1191"]
[BlackElo "1829"]
[PlyCount "119"]
[EventDate "2013.07.31"]
[EventType "swiss"]
[EventRounds "7"]
[EventCountry "GER"]
[Source "LSV Meck.-Vorp."]
[SourceDate "1999.06.01"]
[WhiteTeam "TuS Makkabi Rostock"]
[BlackTeam "SF Ostsee Warnemuende"]

1. d4 Nf6 2. c4 g6 3. Nc3 Bg7 4. g3 d6 5. Nf3 b6 6. Bg2 Bb7 7. O-O O-O 8. Re1
Nbd7 9. e4 a5 10. Nd2 Nh5 11. Nf3 e5 12. Be3 Kh8 13. Qd2 exd4 14. Bxd4 Ne5 15.
Nxe5 dxe5 16. Be3 Qxd2 17. Bxd2 Rfd8 18. Rad1 c6 19. Be3 c5 20. Nd5 Rd6 21. b3
Rad8 22. Rd2 Bf8 23. Red1 Bxd5 24. exd5 Be7 25. Re2 f5 26. f4 e4 27. g4 Ng7 28.
Bc1 Bf6 29. Bb2 Bxb2 30. Rxb2 Ne6 31. Rf1 Nd4 32. Re1 Kg7 33. Re3 Kf6 34. h3 h6
35. Kf2 R8d7 36. h4 Rh7 37. h5 Re7 38. hxg6 Kxg6 39. Bh3 fxg4 40. Bxg4 Nf5 41.
Re1 e3+ 42. Ke2 h5 43. Bxf5+ Kxf5 44. Kf3 Re4 45. Rxe3 Rxf4+ 46. Ke2 Rg6 47.
Rf3 h4 48. Rxf4+ Kxf4 49. Kf1 h3 50. Rh2 Kg3 51. Kg1 Rg4 52. Re2 Kf3+ 53. Kf1
Rd4 54. Rf2+ Kg3 55. Ke2 Rd2+ 56. Kxd2 Kxf2 57. d6 h2 58. d7 h1=Q 59. d8=Q Qe1+
60. Kc2 1/2-1/2

[Event "SSC-Rostock-Open 2013"]
[Site "Rostock"]
[Date "2013.08.02"]
[Round "4.27"]
[White "Massloch, Philipp"]
[Black "Rozhanskyy, Oleksiy"]
[Result "1-0"]
[WhiteElo "1818"]
[BlackElo "1199"]
[PlyCount "93"]
[EventDate "2013.07.31"]
[EventType "swiss"]
[EventRounds "7"]
[EventCountry "GER"]
[Source "LSV Meck.-Vorp."]
[SourceDate "1999.06.01"]
[WhiteTeam "SAV Torgelow-Droegeheide 90"]
[BlackTeam "SSC Rostock 07"]

1. c3 d5 2. c4 dxc4 3. Qa4+ Nc6 4. Qxc4 e5 5. d3 Nf6 6. Nf3 Be7 7. g3 O-O 8.
Bg2 a6 9. O-O Be6 10. Qc2 Rb8 11. Nc3 Qc8 12. Ng5 h6 13. Nxe6 Qxe6 14. a3 Rfd8
15. e3 Qf5 16. Ne4 Nxe4 17. Bxe4 Qe6 18. b4 Rd7 19. d4 exd4 20. Bf5 Qd6 21.
Bxd7 Qxd7 22. Rd1 Bf6 23. Bb2 Qg4 24. exd4 Bxd4 25. Bxd4 Nxd4 26. Qxc7 Nf3+ 27.
Kg2 Nh4+ 28. Kf1 Qh3+ 29. Ke1 Re8+ 30. Kd2 Nf3+ 31. Kc3 Qc8 32. Qxc8 Rxc8+ 33.
Kb3 Rc7 34. h4 Kh7 35. Rd5 Re7 36. Rd3 Ne5 37. Re3 Kg6 38. Rae1 Kf6 39. f4 Nc6
40. Rxe7 Nxe7 41. Kc4 b6 42. g4 Nc8 43. Kd5 Ne7+ 44. Kd6 Nc8+ 45. Kc7 Ne7 46.
Rxe7 Kxe7 47. Kxb6 1-0

[Event "SSC-Rostock-Open 2013"]
[Site "Rostock"]
[Date "2013.08.02"]
[Round "4.28"]
[White "Morosova, Svetlana"]
[Black "Orthmann, Ralf"]
[Result "1-0"]
[WhiteElo "1689"]
[BlackElo "1028"]
[PlyCount "85"]
[EventDate "2013.07.31"]
[EventType "swiss"]
[EventRounds "7"]
[EventCountry "GER"]
[Source "LSV Meck.-Vorp."]
[SourceDate "1999.06.01"]
[WhiteTeam "Think Rochade - SC HRO"]
[BlackTeam "Think Rochade - SC HRO"]

1. d4 d5 2. c4 dxc4 3. e3 e6 4. Nc3 Nf6 5. Bxc4 Bb4 6. a3 Bxc3+ 7. bxc3 c5 8.
Qc2 b6 9. Ne2 O-O 10. Ng3 Bb7 11. f3 Qc7 12. Bd3 h6 13. Bb2 c4 14. Be4 Bxe4 15.
Nxe4 Nxe4 16. fxe4 Nd7 17. O-O e5 18. a4 a6 19. Qf2 f6 20. Ba3 Rf7 21. Qf5 a5
22. Qe6 Nf8 23. Bxf8 Raxf8 24. Rab1 Rb8 25. Rb5 Kh7 26. Rxe5 Rb7 27. Rb5 Qe7
28. Qg4 Qd7 29. Qxd7 Rfxd7 30. Rfb1 Re7 31. Rxb6 Rxb6 32. Rxb6 Rxe4 33. Kf2 Kg6
34. Rb5 f5 35. Rxa5 f4 36. exf4 Rxf4+ 37. Kg3 Rf6 38. Rc5 Ra6 39. Rxc4 Kf5 40.
Kf3 Ra5 41. Rc5+ Rxc5 42. dxc5 Ke6 43. a5 1-0

[Event "SSC-Rostock-Open 2013"]
[Site "Rostock"]
[Date "2013.08.02"]
[Round "4.29"]
[White "Lange, Johannes"]
[Black "Bardosch, Konstantin"]
[Result "0-1"]
[WhiteElo "1174"]
[BlackElo "1666"]
[PlyCount "112"]
[EventDate "2013.07.31"]
[EventType "swiss"]
[EventRounds "7"]
[EventCountry "GER"]
[Source "LSV Meck.-Vorp."]
[SourceDate "1999.06.01"]
[WhiteTeam "Schachunion Berlin"]
[BlackTeam "SSC Rostock 07"]

1. e4 c5 2. Nf3 d6 3. Nc3 Nf6 4. Bc4 e6 5. d4 cxd4 6. Nxd4 a6 7. Bd3 b5 8. a3
Bb7 9. O-O Nbd7 10. Nb3 Ne5 11. Be3 Rc8 12. f3 Nfd7 13. Nc1 Nb6 14. N1e2 Nbc4
15. Bc1 Qb6+ 16. Kh1 g6 17. Qe1 Bg7 18. Rb1 O-O 19. Qf2 Qxf2 20. Rxf2 Nxd3 21.
cxd3 Nxa3 22. bxa3 Bxc3 23. Bb2 Bxb2 24. Rxb2 e5 25. Rf1 Rc7 26. Kg1 Rfc8 27.
Rd2 Rc2 28. Rxc2 Rxc2 29. Re1 Ra2 30. Nc1 Rxa3 31. Re2 Rc3 32. Re1 a5 33. Rd1
b4 34. Na2 Ra3 35. Nc1 Ra1 36. Kf2 b3 37. Nxb3 Rxd1 38. Nxa5 Ba6 39. Kg3 Bxd3
40. Nb7 Bf1 41. Kf2 Ba6 42. Na5 Ra1 43. Nb3 Ra2+ 44. Kg3 Bf1 45. Kh4 Rxg2 46.
Nd2 Rxh2+ 47. Kg3 Rxd2 48. f4 exf4+ 49. Kf3 g5 50. e5 dxe5 51. Ke4 f6 52. Kf5
Kf7 53. Ke4 Bg2+ 54. Kf5 Rd4 55. Kg4 Kg7 56. Kh5 Bf3# 0-1

[Event "SSC-Rostock-Open 2013"]
[Site "Rostock"]
[Date "2013.08.02"]
[Round "4.30"]
[White "Wulf, Constanze"]
[Black "Massloch, Lea"]
[Result "1-0"]
[WhiteElo "1615"]
[BlackElo "993"]
[PlyCount "111"]
[EventDate "2013.07.31"]
[EventType "swiss"]
[EventRounds "7"]
[EventCountry "GER"]
[Source "LSV Meck.-Vorp."]
[SourceDate "1999.06.01"]
[WhiteTeam "SC Mecklenburger Springer"]
[BlackTeam "SAV Torgelow-Droegeheide 90"]

1. c4 e6 2. Nc3 d5 3. d4 Nf6 4. Bg5 Bd6 5. cxd5 exd5 6. Nxd5 Nbd7 7. Nc3 h6 8.
Bh4 Qe7 9. e3 O-O 10. Bd3 b6 11. Qf3 Rb8 12. Bg3 Bb7 13. Bxd6 Qxd6 14. Qh3 a5
15. Nge2 c5 16. O-O cxd4 17. Nxd4 Ne5 18. Be2 Rbc8 19. Qg3 Ne4 20. Nxe4 Bxe4
21. Rfd1 Qe7 22. Qf4 Bg6 23. Rac1 Kh8 24. Nf3 f6 25. Nh4 Bh7 26. Nf5 Qd7 27.
Rxd7 Rxc1+ 28. Bf1 Nxd7 29. Qg4 Bxf5 30. Qxf5 Ne5 31. g3 Rd8 32. Kg2 Rd2 33. b3
Rxa2 34. Qe4 Rc8 35. Qf5 Rd8 36. Qe6 b5 37. Qe7 Rc8 38. Qe6 Rb8 39. Qd6 Rg8 40.
Bxb5 Rb2 41. Qa3 Rc2 42. Qxa5 Rb8 43. Ba4 Nd3 44. Kg1 Nxf2 45. Qf5 Rd2 46. Qa5
Rc2 47. Bd7 Rb2 48. Be6 Re8 49. Qc3 Ra2 50. Qc6 Re7 51. Bf5 g6 52. Qxf6+ Kg8
53. Qxe7 Ra6 54. Be6+ Rxe6 55. Qxe6+ Kf8 56. Kxf2 1-0

[Event "SSC-Rostock-Open 2013"]
[Site "Rostock"]
[Date "2013.08.02"]
[Round "4.31"]
[White "Wulf, Doris"]
[Black "Jaehn, Janis"]
[Result "1/2-1/2"]
[WhiteElo "1138"]
[BlackElo "1747"]
[PlyCount "51"]
[EventDate "2013.07.31"]
[EventType "swiss"]
[EventRounds "7"]
[EventCountry "GER"]
[Source "LSV Meck.-Vorp."]
[SourceDate "1999.06.01"]
[WhiteTeam "SC Mecklenburger Springer"]
[BlackTeam "SF Schwerin"]

1. c4 g6 2. g3 Bg7 3. Bg2 d6 4. e3 e5 5. Ne2 f5 6. Nbc3 Nf6 7. O-O O-O 8. b3 c6
9. Bb2 Na6 10. d4 Qc7 11. a3 Be6 12. Rc1 Bf7 13. d5 c5 14. h3 Nh5 15. g4 fxg4
16. hxg4 Nf6 17. g5 Nh5 18. Ne4 Qe7 19. Bc3 Be8 20. f4 exf4 21. exf4 Bd7 22.
Qd2 Bg4 23. N2g3 Nxg3 24. Nxg3 Bf5 25. Bxg7 Qxg7 26. Qc3 1/2-1/2

[Event "SSC-Rostock-Open 2013"]
[Site "Rostock"]
[Date "2013.08.02"]
[Round "4.32"]
[White "Kreutz, Jonas"]
[Black "Schubert, Jens"]
[Result "1/2-1/2"]
[WhiteElo "1327"]
[BlackElo "1613"]
[PlyCount "47"]
[EventDate "2013.07.31"]
[EventType "swiss"]
[EventRounds "7"]
[EventCountry "GER"]
[Source "LSV Meck.-Vorp."]
[SourceDate "1999.06.01"]
[WhiteTeam "SV Koenigsjaeger Sued-West"]
[BlackTeam "SV Turbine Neubrandenburg"]

1. e4 c5 2. Nf3 e6 3. d3 d5 4. Nbd2 Nf6 5. Qe2 Be7 6. g3 O-O 7. Bg2 Nc6 8. b3
d4 9. Nc4 b5 10. Nce5 Nxe5 11. Nxe5 Qc7 12. Ng4 Nxg4 13. Qxg4 e5 14. Qe2 Bd7
15. Bd2 Rad8 16. c3 dxc3 17. Bxc3 Be6 18. O-O f6 19. Rac1 Qb6 20. Qd2 b4 21.
Bb2 Rd7 22. Rfd1 Rfd8 23. Kf1 a5 24. Qc2 1/2-1/2

[Event "SSC-Rostock-Open 2013"]
[Site "Rostock"]
[Date "2013.08.02"]
[Round "4.33"]
[White "Schulz, Ronald"]
[Black "Gazizova, Alina"]
[Result "1-0"]
[WhiteElo "1574"]
[BlackElo "1120"]
[PlyCount "39"]
[EventDate "2013.07.31"]
[EventType "swiss"]
[EventRounds "7"]
[EventCountry "GER"]
[Source "LSV Meck.-Vorp."]
[SourceDate "1999.06.01"]
[WhiteTeam "SG Eintracht Neubrandenburg"]
[BlackTeam "TuS Makkabi Rostock"]

1. e4 c5 2. c3 d6 3. d4 cxd4 4. cxd4 Nc6 5. Nf3 e6 6. Nc3 a6 7. Bd3 Be7 8. O-O
Nf6 9. e5 dxe5 10. dxe5 Nd7 11. Bf4 b5 12. a3 Bb7 13. b4 Rc8 14. Rc1 Rc7 15.
Ne4 O-O 16. Nd6 Bxd6 17. exd6 Rc8 18. Re1 Ra8 19. Be4 Qb6 20. Be3 1-0

[Event "SSC-Rostock-Open 2013"]
[Site "Rostock"]
[Date "2013.08.02"]
[Round "4.34"]
[White "Gazizov, Max"]
[Black "Kreutz, Ralf"]
[Result "0-1"]
[WhiteElo "1090"]
[BlackElo "1573"]
[PlyCount "42"]
[EventDate "2013.07.31"]
[EventType "swiss"]
[EventRounds "7"]
[EventCountry "GER"]
[Source "LSV Meck.-Vorp."]
[SourceDate "1999.06.01"]
[WhiteTeam "TuS Makkabi Rostock"]
[BlackTeam "SV Koenigsjaeger Sued-West"]

1. d4 d5 2. c4 Nf6 3. Nf3 Bg4 4. Nc3 Bxf3 5. gxf3 g6 6. e4 c6 7. Be2 dxc4 8.
Bxc4 e6 9. Bg5 Be7 10. O-O Nbd7 11. Re1 h6 12. Bh4 Rg8 13. d5 Ne5 14. Bb3 Nh5
15. Bxe7 Qxe7 16. Ba4 Qg5+ 17. Kh1 O-O-O 18. Re3 Nf4 19. Qg1 Qxg1+ 20. Rxg1
Ned3 21. dxc6 Nxf2# 0-1

[Event "SSC-Rostock-Open 2013"]
[Site "Rostock"]
[Date "2013.08.02"]
[Round "4.35"]
[White "Zeis, Konstantin"]
[Black "Lick, Helmut"]
[Result "1/2-1/2"]
[WhiteElo "1157"]
[BlackElo "1489"]
[PlyCount "43"]
[EventDate "2013.07.31"]
[EventType "swiss"]
[EventRounds "7"]
[EventCountry "GER"]
[Source "LSV Meck.-Vorp."]
[SourceDate "1999.06.01"]
[WhiteTeam "TuS Makkabi Rostock"]
[BlackTeam "SK Lister Turm"]

1. d4 Nf6 2. c4 g6 3. Nc3 Bg7 4. Bg5 O-O 5. Nf3 d6 6. e3 Nbd7 7. Bd3 c6 8. O-O
Qc7 9. Qc2 e5 10. Nd2 Ne8 11. Be7 exd4 12. exd4 Bxd4 13. Bxf8 Nxf8 14. Nf3 Bg7
15. Rfe1 Nf6 16. Rab1 Ne6 17. b4 Nf4 18. Nd4 Ne6 19. Nxe6 Bxe6 20. Qd2 d5 21.
c5 Ng4 22. g3 1/2-1/2

[Event "SSC-Rostock-Open 2013"]
[Site "Rostock"]
[Date "2013.08.02"]
[Round "5.2"]
[White "Wenner, Tobias"]
[Black "Stern, Rene"]
[Result "0-1"]
[WhiteElo "2136"]
[BlackElo "2499"]
[PlyCount "80"]
[EventDate "2013.07.31"]
[EventType "swiss"]
[EventRounds "7"]
[EventCountry "GER"]
[Source "LSV Meck.-Vorp."]
[SourceDate "1999.06.01"]
[WhiteTeam "SC Eppingen"]
[BlackTeam "SK Koenig Tegel 1949"]

1. Nf3 Nf6 2. c4 e6 3. g3 d5 4. Bg2 Be7 5. O-O O-O 6. b3 c5 7. e3 Nc6 8. Bb2 d4
9. exd4 cxd4 10. Re1 Ne8 11. a3 a5 12. d3 f6 13. Bh3 Nc7 14. Nbd2 e5 15. Bxc8
Qxc8 16. Qe2 Qh3 17. Qf1 Qxf1+ 18. Rxf1 Ne6 19. Rab1 Ra6 20. Ne1 f5 21. f4 exf4
22. gxf4 Bd6 23. Ng2 Rb6 24. Bc1 Nc5 25. Rf3 Re8 26. Kf1 g6 27. Kf2 Nd7 28. Kf1
Nf6 29. h3 Nd8 30. c5 Bxc5 31. Nc4 Ra6 32. a4 Bb4 33. Bb2 Ne6 34. Ne1 Nd5 35.
Nc2 Bc3 36. Bc1 Nc5 37. Bd2 Bxd2 38. Nxd2 Ne3+ 39. Nxe3 Rxe3 40. Rc1 Nxb3 0-1

[Event "SSC-Rostock-Open 2013"]
[Site "Rostock"]
[Date "2013.08.02"]
[Round "5.3"]
[White "Schnicke, Robert"]
[Black "Hanisch, Sebastian"]
[Result "1/2-1/2"]
[WhiteElo "2199"]
[BlackElo "2097"]
[PlyCount "92"]
[EventDate "2013.07.31"]
[EventType "swiss"]
[EventRounds "7"]
[EventCountry "GER"]
[Source "LSV Meck.-Vorp."]
[SourceDate "1999.06.01"]
[WhiteTeam "TV Winnweiler"]
[BlackTeam "SF Schwerin"]

1. e4 b6 2. d4 Bb7 3. Nd2 g6 4. Ngf3 Bg7 5. Bd3 e6 6. a4 a5 7. Qe2 Ne7 8. h4 h6
9. c3 c5 10. dxc5 bxc5 11. e5 d5 12. exd6 Qxd6 13. Nc4 Qc7 14. O-O O-O 15. Nfe5
Nbc6 16. Bf4 Nxe5 17. Nxe5 Nd5 18. Bg3 Qe7 19. Rfe1 Rfd8 20. Qc2 Qf6 21. Ng4
Qe7 22. Bxg6 fxg6 23. Qxg6 Ra6 24. Be5 Rf8 25. g3 Kh8 26. Qxh6+ Kg8 27. Qg6 Kh8
28. Rad1 Nf6 29. Nxf6 Bxf6 30. Bxf6+ Qxf6 31. Qh5+ Kg8 32. f4 Qf7 33. Qxc5 Qg7
34. Qg5 Qxg5 35. hxg5 Bd5 36. Kf2 Rb6 37. Rd2 Rfb8 38. Ree2 Bc4 39. Re4 Rxb2
40. Red4 Rxd2+ 41. Rxd2 Rb3 42. Rd8+ Kf7 43. Ra8 Rxc3 44. Rxa5 Bd5 45. Ke1 Rxg3
46. f5 Rxg5 1/2-1/2

[Event "SSC-Rostock-Open 2013"]
[Site "Rostock"]
[Date "2013.08.02"]
[Round "5.4"]
[White "Hornych, Christoph"]
[Black "Szelag, Marcin"]
[Result "0-1"]
[WhiteElo "2172"]
[BlackElo "2488"]
[PlyCount "76"]
[EventDate "2013.07.31"]
[EventType "swiss"]
[EventRounds "7"]
[EventCountry "GER"]
[Source "LSV Meck.-Vorp."]
[SourceDate "1999.06.01"]
[WhiteTeam "SF Ostsee Warnemuende"]
[BlackTeam "SSC Rostock 07"]

1. e4 c5 2. Nf3 d6 3. d4 cxd4 4. Nxd4 Nf6 5. Nc3 a6 6. Be2 e5 7. Nb3 Be7 8. O-O
O-O 9. Be3 Be6 10. f3 Nc6 11. Nd5 Bxd5 12. exd5 Nb4 13. c4 a5 14. Nd2 Nd7 15.
a3 Na6 16. Rb1 Bg5 17. Bf2 Bxd2 18. Qxd2 a4 19. f4 Nac5 20. Bxc5 Nxc5 21. fxe5
dxe5 22. Rf5 Qd6 23. Rbf1 f6 24. Rh5 Rae8 25. Rf3 Re7 26. Rfh3 g6 27. R5h4 f5
28. Rh6 Rf6 29. Kh1 b6 30. Bd1 f4 31. Qf2 Ne4 32. Qe1 Ng5 33. Rc3 e4 34. Qh4
Qe5 35. Qe1 f3 36. gxf3 exf3 37. Qf1 Qe1 38. Kg1 f2+ 0-1

[Event "SSC-Rostock-Open 2013"]
[Site "Rostock"]
[Date "2013.08.02"]
[Round "5.5"]
[White "Fries Nielsen, Jens Ove"]
[Black "Weber, Max"]
[Result "1/2-1/2"]
[WhiteElo "2381"]
[BlackElo "2108"]
[PlyCount "130"]
[EventDate "2013.07.31"]
[EventType "swiss"]
[EventRounds "7"]
[EventCountry "GER"]
[Source "LSV Meck.-Vorp."]
[SourceDate "1999.06.01"]
[WhiteTeam "FC ST. Pauli 1910"]
[BlackTeam "SSC Rostock 07"]

1. d4 Nf6 2. Nc3 d5 3. Bf4 Bf5 4. f3 e6 5. g4 Bg6 6. h4 h6 7. e3 Bd6 8. Bd3
Bxf4 9. exf4 Bxd3 10. Qxd3 Nc6 11. Nge2 Qd7 12. O-O-O O-O-O 13. Qb5 Qd6 14. h5
Qb4 15. Qd3 Na5 16. a3 Qb6 17. Na4 Qc6 18. Nc5 Nd7 19. b3 Rhe8 20. Nxd7 Qxd7
21. Kb1 Kb8 22. Rhe1 Rc8 23. Qc3 Qb5 24. Ka2 c5 25. dxc5 Rxc5 26. Qe5+ Ka8 27.
Nd4 Qb6 28. Qe2 Rec8 29. Rc1 Nc6 30. Nxc6 Qxc6 31. Kb1 Rc3 32. Red1 Qd6 33. f5
exf5 34. gxf5 Qxa3 35. Qb5 a6 36. Qxd5 R3c5 37. Qd6 Qa5 38. Qd7 R5c7 39. Qd5
Qc3 40. Rd3 Qf6 41. Qe4 Re7 42. Qd5 Re5 43. Qd7 Qxf5 44. Rg1 Qxd7 45. Rxd7 Re2
46. c4 Rce8 47. Rxf7 Rf2 48. b4 Ree2 49. b5 axb5 50. cxb5 Rb2+ 51. Kc1 Rxb5 52.
Rgxg7 Rxh5 53. Rg1 Rh3 54. f4 Rh4 55. f5 Rh5 56. f6 Rhf5 57. Rgg7 Rc5+ 58. Kb1
Rb5+ 59. Kc1 Rb6 60. Rf8+ Ka7 61. f7 Rc6+ 62. Kb1 Rf5 63. Rg2 Rcf6 64. Rh2 h5
65. Rh8 Rxf7 1/2-1/2

[Event "SSC-Rostock-Open 2013"]
[Site "Rostock"]
[Date "2013.08.02"]
[Round "5.6"]
[White "Hess, Christian"]
[Black "Ruesch, Hans Joachim"]
[Result "1/2-1/2"]
[WhiteElo "2289"]
[BlackElo "2051"]
[PlyCount "83"]
[EventDate "2013.07.31"]
[EventType "swiss"]
[EventRounds "7"]
[EventCountry "GER"]
[Source "LSV Meck.-Vorp."]
[SourceDate "1999.06.01"]
[WhiteTeam "Koenigsspringer SC 1984"]
[BlackTeam "SF Ostsee Warnemuende"]

1. Nf3 g6 2. e4 Bg7 3. d4 d6 4. Be3 Nf6 5. Nc3 O-O 6. Qd2 c6 7. Bh6 b5 8. Bxg7
Kxg7 9. e5 dxe5 10. Nxe5 Qd6 11. Be2 Nbd7 12. f4 Nb6 13. Bf3 Nbd5 14. O-O-O Be6
15. g4 Nxc3 16. Qxc3 Bd5 17. g5 Nd7 18. Kb1 b4 19. Qd3 f6 20. Nxd7 Qxd7 21.
Bxd5 Qxd5 22. Rhe1 Rf7 23. h4 Rd8 24. b3 Rd6 25. Qe3 a5 26. Rd2 c5 27. dxc5
Qxd2 28. cxd6 Qxd6 29. Qe4 Qd2 30. Re2 Qc3 31. Re3 Qc5 32. Rd3 Qc7 33. Rd4 h6
34. Rd3 hxg5 35. hxg5 fxg5 36. Qd4+ Kg8 37. Rh3 Rh7 38. Qd5+ Kg7 39. Qd4+ Kg8
40. Qd5+ Kg7 41. Qd4+ Kg8 42. Qd5+ 1/2-1/2

[Event "SSC-Rostock-Open 2013"]
[Site "Rostock"]
[Date "2013.08.02"]
[Round "5.7"]
[White "Ehlert, Horst"]
[Black "Leisner, Hannes"]
[Result "1/2-1/2"]
[WhiteElo "1998"]
[BlackElo "2208"]
[PlyCount "47"]
[EventDate "2013.07.31"]
[EventType "swiss"]
[EventRounds "7"]
[EventCountry "GER"]
[Source "LSV Meck.-Vorp."]
[SourceDate "1999.06.01"]
[WhiteTeam "SV Laatzen"]
[BlackTeam "Greifswalder SV"]

1. c4 g6 2. g3 Bg7 3. Bg2 Nf6 4. Nc3 O-O 5. d3 d6 6. Rb1 a5 7. a3 e5 8. e3 c6
9. Nge2 Re8 10. O-O Nbd7 11. b4 axb4 12. axb4 Nf8 13. b5 c5 14. Bd2 h5 15. Nd5
Nxd5 16. Bxd5 h4 17. Nc3 Ne6 18. Ra1 Rxa1 19. Qxa1 Ng5 20. Qd1 Qe7 21. Ne4 Ne6
22. Nc3 Nf8 23. g4 Be6 24. Qf3 1/2-1/2